All 2024 Olympic Medalists: Judo - Statistics

General Stats
  • This quiz has been taken 73 times
  • The average score is 28 of 105
Answer Stats
Gender Event Medal Nationality/Team Medalist % Correct
Men's 66kg Gold Japan Hifumi Abe
83%
Mixed Mixed Team Silver Japan Hifumi Abe
83%
Men's 100kg+ Gold France Teddy Riner
80%
Mixed Mixed Team Gold France Teddy Riner
80%
Mixed Mixed Team Silver Japan Uta Abe
80%
Mixed Mixed Team Bronze South Korea Jung Ye-rin
70%
Men's 73kg Silver France Joan-Benjamin Gaba
67%
Mixed Mixed Team Gold France Joan-Benjamin Gaba
67%
Men's 73kg Gold Azerbaijan Hidayet Heydarov
57%
Men's 60kg Gold Kazakhstan Yeldos Smetov
57%
Men's 81kg Silver Georgia Tato Grigalashvili
52%
Men's 66kg Bronze Moldova Denis Vieru
50%
Men's 90kg Silver Japan Sanshiro Murao
50%
Mixed Mixed Team Silver Japan Sanshiro Murao
50%
Men's 60kg Bronze Spain Francisco Garrigos
48%
Men's 90kg Gold Georgia Lasha Bekauri
48%
Men's 81kg Gold Japan Takanori Nagase
48%
Mixed Mixed Team Silver Japan Takanori Nagase
48%
Men's 60kg Bronze Japan Ryuju Nagayama
47%
Mixed Mixed Team Silver Japan Ryuju Nagayama
47%
Men's 73kg Bronze Japan Soichi Hashimoto
47%
Mixed Mixed Team Silver Japan Soichi Hashimoto
47%
Women's 57kg Gold Canada Christa Deguchi
45%
Men's 66kg Silver Brazil Willian Lima
45%
Mixed Mixed Team Bronze Brazil Willian Lima
45%
Men's 60kg Silver France Luka Mkheidze
43%
Mixed Mixed Team Gold France Luka Mkheidze
43%
Mixed Mixed Team Bronze South Korea Kim Ji-su
40%
Men's 100kg Silver Georgia Ilia Sulamanidze
37%
Women's 52kg Silver Kosovo Distria Krasniqi
32%
Women's 57kg Silver South Korea Huh Mi-mi
32%
Mixed Mixed Team Bronze South Korea Huh Mi-mi
32%
Women's 48kg Gold Japan Natsumi Tsunoda
32%
Mixed Mixed Team Silver Japan Natsumi Tsunoda
32%
Women's 78kg+ Bronze France Romane Dicko
32%
Mixed Mixed Team Gold France Romane Dicko
32%
Men's 100kg Gold Azerbaijan Zelym Kotsoiev
32%
Women's 48kg Bronze France Shirine Boukli
30%
Mixed Mixed Team Gold France Shirine Boukli
30%
Women's 63kg Bronze France Clarisse Agbegnenou
28%
Mixed Mixed Team Gold France Clarisse Agbegnenou
28%
Men's 90kg Bronze France Maxime-Gael Ngayap
28%
Women's 52kg Bronze France Amandine Buchard
27%
Mixed Mixed Team Gold France Amandine Buchard
27%
Women's 70kg Gold Croatia Barbara Matic
27%
Men's 90kg Bronze Greece Theodoros Tselidis
27%
Women's 48kg Bronze Sweden Tara Babulfath
25%
Mixed Mixed Team Bronze Brazil Rafaela Silva
23%
Mixed Mixed Team Bronze Brazil Rafael Silva
23%
Men's 73kg Bronze Moldova Adil Osmanov
22%
Women's 78kg Gold Italy Alice Bellandi
22%
Women's 78kg+ Gold Brazil Beatriz Souza
22%
Men's 100kg+ Silver South Korea Kim Min-jong
22%
Mixed Mixed Team Bronze South Korea Kim Min-jong
22%
Men's 81kg Bronze South Korea Lee Joon-hwan
22%
Mixed Mixed Team Bronze South Korea Lee Joon-hwan
22%
Men's 100kg Bronze Israel Peter Paltchik
22%
Women's 57kg Bronze France Sarah-Leonie Cysique
22%
Mixed Mixed Team Gold France Sarah-Leonie Cysique
22%
Women's 52kg Gold Uzbekistan Diyora Keldiyorova
20%
Men's 100kg Bronze Uzbekistan Muzaffarbek Turoboyev
20%
Men's 100kg+ Bronze Tajikistan Temur Rakhimov
20%
Mixed Mixed Team Silver Japan Tatsuru Saito
18%
Men's 100kg+ Bronze Uzbekistan Alisher Yusupov
17%
Women's 78kg+ Silver Israel Raz Hershko
17%
Women's 52kg Bronze Brazil Larissa Pimenta
15%
Mixed Mixed Team Bronze Brazil Larissa Pimenta
15%
Men's 81kg Bronze Tajikistan Somom Makhmadbekov
15%
Mixed Mixed Team Gold France Walide Khyar
15%
Men's 66kg Bronze Kazakhstan Gusman Kyrgyzbayev
13%
Women's 63kg Gold Slovenia Andreja Leski
12%
Mixed Mixed Team Gold France Madeleine Malonga
12%
Mixed Mixed Team Gold France Marie-Eve Gahie
12%
Women's 70kg Bronze Austria Michaela Polleres
12%
Women's 70kg Silver Germany Miriam Butkereit
12%
Mixed Mixed Team Gold France Alpha Oumar Djalo
10%
Women's 48kg Silver Mongolia Bavuudorjiin Baasankhuu
10%
Women's 78kg Silver Israel Inbar Lanir
10%
Women's 63kg Bronze Kosovo Laura Fazliiu
10%
Mixed Mixed Team Bronze South Korea An Ba-ul
8%
Mixed Mixed Team Gold France Aurelien Diesse
8%
Mixed Mixed Team Bronze Brazil Daniel Cargnin
8%
Women's 70kg Bronze Belgium Gabriella Willems
8%
Women's 78kg Bronze Portugal Patricia Sampaio
8%
Mixed Mixed Team Silver Japan Aaron Wolf
7%
Mixed Mixed Team Silver Japan Akira Sone
7%
Mixed Mixed Team Bronze South Korea Kim Won-jin
7%
Mixed Mixed Team Bronze Brazil Leonardo Goncalves
7%
Mixed Mixed Team Gold France Maxime-Gael Ngayap Hambou
7%
Women's 63kg Silver Mexico Prisca Awiti Alcaraz
7%
Mixed Mixed Team Bronze Brazil Rafael Macedo
7%
Mixed Mixed Team Bronze Brazil Beatriz
5%
Women's 57kg Bronze Japan Haruka Funakubo
5%
Mixed Mixed Team Silver Japan Haruka Funakubo
5%
Mixed Mixed Team Bronze Brazil Ketleyn Quadros
3%
Women's 78kg+ Bronze South Korea Kim Ha-yun
3%
Mixed Mixed Team Bronze South Korea Kim Ha-yun
3%
Mixed Mixed Team Silver Japan Miku Takaichi
3%
Mixed Mixed Team Silver Japan Rika Takayama
3%
Mixed Mixed Team Bronze South Korea Yoon Hyun-ji
3%
Mixed Mixed Team Bronze Brazil Guilherme Schimidt
2%
Mixed Mixed Team Bronze South Korea Han Ju-yeop
2%
Mixed Mixed Team Bronze South Korea Lee Hye-kyeong
2%
Mixed Mixed Team Silver Japan Saki Niizoe
2%
Women's 78kg Bronze China Ma Zhengzhao
0%
No matching quizzes found
Score Distribution
Percent of People with Each Score
Percentile by Number Answered
Your Score History
You have not taken this quiz